Responses for Show #6062 - Tuesday, January 11, 2011

IBM Challenge mini-documentary: "Why Jeopardy!?"

Contestants

[<< previous game]

Sally O'Rourke, a freelance copywriter originally from Baton Rouge, Louisiana

Justin Braganza, a grocery store clerk from Ottawa, Ontario, Canada

Dan Jensen, a restaurant manager from Reston, Virginia (whose 3-day cash winnings total $58,203)

[next game >>]

Jeopardy! Round responses

THE QUOTABLE BEN FRANKLIN
YOU GO TO DA BOX
DANCE ORIGINS
(Alex: You identify the country, please.)
WHAT'S THE DIFFERENCE?
MAKE IT "SO"
A SEEDY CATEGORY
    $200 16
healthy, wealthy & wise

Sally
    $200 1
diving

Dan
    $200 26
Spain

Justin
    $200 6
a pirate

Dan
    $200 11
sore

Dan
    $200 21
sesame seeds

Sally
    $2,000 17
dead

Sally
    $400 2
delay of game

Justin
    $400 27
Cuba

Justin
    $400 7
(Justin: What is the mortgage?)

equity

Justin
Triple Stumper
    $400 12
a soapbox

Sally
    $400 22
a coconut

Sally
    $600 18
fish

Dan
    $600 3
slashing

Justin
    $600 28
France

Justin
    $600 8
(Karl) Jung

Sally
    $600 13
a Solicitor General

Justin
    $600 23
pumpkin seeds

Sally
    $800 19
great oaks

Sally
    $800 4
(Justin: What is interference?)

hooking

DanJustin
    $800 29
Italy

Sally
    $800 9
a tint

Sally
    $800 14
a soliloquy

Dan
    $800 24
caraway seeds

Sally
    $1000 20
a pound of cure

Sally
    $1000 5
cross-checking

Triple Stumper
    $1000 30
Brazil

Triple Stumper
    $1000 10
(Dan: What is Uruguay?)

Paraguay

DanJustin
    $1000 15
sojourn

Dan
    $1000 25
(Justin: What is flax?)

sunflower seeds

Justin
Triple Stumper

Scores at the first commercial break (after clue 15):

Dan Justin Sally
$2,200 $1,400 $1,800

Scores at the end of the Jeopardy! Round:

Dan Justin Sally
$2,800 $1,600 $8,600

Double Jeopardy! Round responses

WORLD HISTORY
BRAND LOGOS
BODY COUNT
SIGNIFICANT OLD BOOKS
HETERONYMS
A CD CATEGORY
    $400 1
Hungary

Dan
    $400 2
Cracker Jack

Dan
    $400 20
16

Justin
    $400 14
Confucius

Dan
    $400 26
close [clohs/clohz]

Sally
    $400 9
Eric Clapton

Justin
    $3,000 7
the Fascist Party

Justin
    $800 3
Sun-Maid

Dan
    $800 21
(Sally: What is 2?)

3

Sally
Triple Stumper
    $800 15
Aristophanes

Sally
    $800 27
bass [bass/base]

Sally
    $800 10
Lady Gaga

Sally
    $1200 8
Zulu

Dan
    $1200 4
Mazola

Dan
    $1200 22
(Dan: What is 52?)

46

DanJustin
    $1200 16
Goethe

Sally
    $1200 28
defect [DEE-fekt/di-FEKT]

Justin
    $1200 11
Jimi Hendrix

Dan
    $1600 18
Saladin

Justin
    $1600 5
Travelodge

Dan
    $1600 23
(Justin: What is 640?)

160

JustinSally
    $1600 17
the Peloponnesian War

Dan
    $3,000 29
august [aw-GUST]/August [AW-gust]

Justin
    $1600 12
Elton John

Sally
    $2000 19
the Hanseatic League

Justin
    $2000 6
Pringles

Justin
    $2000 25
206

Dan
    $2000 24
Jean-Jacques Rousseau

Justin
    $2000 30
moped [MOPED/MO-ped]

Sally
    $2000 13
The Ghost of Tom Joad

Sally

Scores at the end of the Double Jeopardy! Round:

Dan Justin Sally
$12,400 $16,800 $19,000

[wagering suggestions for these scores]

Final Jeopardy! Round responses

20th CENTURY ARTISTS
DanWho is Jackson Pollock?
$2,201
JustinWho is Jackson Pollock?
$8,500
SallyWho is Jackson Pollock?
$14,601
Jackson Pollock

Final scores:

Dan Justin Sally
$14,601 $25,300 $33,601
3rd place: $1,000 2nd place: $2,000 New champion: $33,601

Game dynamics:

Coryat scores:

Dan Justin Sally
$12,400 $13,200 $17,400
17 R,
2 W
17 R
(including 2 DDs),
4 W
21 R
(including 1 DD),
1 W

Combined Coryat: $43,000

[game clues] [game scores] [suggest correction]

Game tape date: 2010-09-29
The J! Archive is created by fans, for fans. Scraping, republication, monetization, and malicious use prohibited; this site may use cookies and collect identifying information. See terms. The Jeopardy! game show and all elements thereof, including but not limited to copyright and trademark thereto, are the property of Jeopardy Productions, Inc. and are protected under law. This website is not affiliated with, sponsored by, or operated by Jeopardy Productions, Inc. Join the discussion at JBoard.tv.